| 000 | 00513nam a22001697a 4500 | ||
|---|---|---|---|
| 005 | 20251108171205.0 | ||
| 008 | 250721s1983 xx 000 0 ara d | ||
| 082 | 1 | 4 | _a210.4301412/بري |
| 100 | 1 | _aبريغش، محمد حسن | |
| 245 | 1 | 0 |
_aالمرأة المسلمة الداعية : _bأحاديث و نماذج / |
| 250 | _aط4 | ||
| 264 | 1 |
_aالزرقاء : _bمكتبة المنار، _c1983. |
|
| 300 | _a147ص | ||
| 650 | 1 | 7 | _aالإسلام و المرأة |
| 942 |
_2ddc _cBK |
||
| 999 |
_c58910 _d58910 |
||